000 00623nam a2200193Ia 4500
008 220204s9999 xx 000 0 und d
082 _a632.9:633(595)1970
_bWAS
100 _aWASTIE, R L
245 0 _aCrop protection in Malaysia: Proceedings
260 _aMalaysia
_bIncorporated Soc of planters
_c1971
505 _aPorceedings of the conference held at Kuala Lumpur 15-17 November 1970 edited by R L Wastie and Wood B J
650 _aCrop protection
650 _aHerbicide sprayin
650 _aHevea disease control
650 _aRubber weeds
650 _aWeed control
700 _aWOOD, B J
942 _cBK
999 _c22667
_d22667